000 01036nam a22003017a 4500
003 DO-SdBNP
005 20171129084746.0
008 161031b 1999 mx a 00| 0 spa d
020 _a9687529776
040 _aBPMSU
_bspa
_cBPMSU
082 _axxxx
_bxxxx
100 _aHitt, Michael A.
245 1 0 _aAdministración estratégica :
_bconceptos, competitividad y globalización
_cMichael A. Hill, R. Duane Ireland, Robert E. Hoskisson ; traducción Verania de Parres Cárdenas
250 _a3a. ed.
260 _aMéxico :
_bInternational Thomson editores,
_c1999.
300 _a502 p. :
_c27 cm.
500 _aIncluye casos.
500 _aIncluye índice de nombres.
500 _aIncluye índice de compañías.
500 _aIncluye índice temático.
700 1 _aIreland, R. Duane
700 1 _aHoskisson, Robert E.
700 1 _aParres Cárdenas, Verania de
_etrad.
910 _a000144
942 _2ddc
_cBK
945 _aInventariado extranjero / 2017 BT
956 _2YLOCKWARD
_310
_8BPMSU
_aYngrid Lockward
999 _c13029
_d13029